| 000 | 00789cam a2200253 a 4500 | ||
|---|---|---|---|
| 999 |
_c9252 _d9252 |
||
| 001 | 43063206 | ||
| 003 | OCoLC | ||
| 005 | 20241126110708.0 | ||
| 008 | 991202r20001999mnu b 001 0 eng | ||
| 010 | _a99088224 | ||
| 020 | _a0800632338 (alk. paper) | ||
| 035 | _a.b10810158 | ||
| 040 |
_aDLC _cDLC _dOCoLC |
||
| 050 | 0 | 0 |
_aBV2061 _b.K57 2000 |
| 082 |
_a266.001 _bKIR |
||
| 100 | 1 |
_aKirk, J. Andrew _916081 |
|
| 245 | 1 | 0 |
_aWhat is mission? : _btheological explorations / _cJ. Andrew Kirk |
| 260 |
_aMinneapolis, MN : _bFortress Press, _cc2000 |
||
| 300 |
_aviii, 302 p. ; _c22 cm |
||
| 500 | _aOriginally published: London : Darton, Longman & Todd, c1999 | ||
| 504 | _aIncludes bibliographical references (p. [274]-291) and indexes | ||
| 650 | 0 |
_aMissions _9885 |
|
| 942 |
_2ddc _cBK _011 |
||